书目信息 |
| 题名: |
应用电路理论
|
|
| 作者: | Adby , 阿德拜 著 ;韶能仁 , 舒贤林 译 | |
| 分册: | ||
| 出版信息: | 北京 科学出版社 1986 |
|
| 页数: | 448页 | |
| 开本: | 20cm | |
| 丛书名: | ||
| 单 册: | ||
| 中图分类: | TN710.9 , TN7 | |
| 科图分类: | ||
| 主题词: | 矩阵分析-计算机辅助电路分析 , 计算机辅助电路分析-矩阵分析 , 电子电路 , 电路理论 | |
| 电子资源: | ||
| ISBN: | ||
| 000 | 00892nam0 2200313 45 | |
| 001 | 0186004326 | |
| 005 | 20060512104307.76 | |
| 010 | @dCNY4.10 | |
| 091 | @a15031.699 | |
| 100 | @a19960127d1986 em y0chiy0121 ea | |
| 101 | 1 | @achi@ceng |
| 102 | @aCN@b110000 | |
| 105 | @ay z 000yy | |
| 200 | 10 | @a应用电路理论@e矩阵和计算机方法@Aying yong dian lu li lun@f(英)阿德拜(Adby,P.R.)著@g韶能仁,舒贤林译 |
| 210 | @a北京@c科学出版社@d1986 | |
| 215 | @a448页@d20cm | |
| 606 | @a矩阵分析-计算机辅助电路分析 | |
| 606 | @a计算机辅助电路分析-矩阵分析 | |
| 606 | 0 | @a电子电路 |
| 606 | @a电路理论 | |
| 690 | @aTN710.9@v3 | |
| 690 | @aTN7 | |
| 701 | A1 | @aAdby@bP.R.@4著 |
| 701 | 1 | @a阿德拜@bP.R.@4著@Aa de bai |
| 702 | 0 | @a韶能仁@4译@Ashao neng ren |
| 702 | 0 | @a舒贤林@4译@Ashu xian lin |
| 801 | 2 | @aCN@bNLC@c20060512 |
| 801 | 0 | @aCN@b深圳图书馆@c20040517 |
| 905 | @dTN7@e100 | |
| 应用电路理论:矩阵和计算机方法/(英)阿德拜(Adby,P.R.)著/韶能仁,舒贤林译.-北京:科学出版社,1986 |
| 448页;20cm |
| ISBN :CNY4.10 |
| ● |
| 相关链接 |
|
|
|
|
正题名:应用电路理论
索取号:TN7/100
 
预约/预借
| 序号 | 登录号 | 条形码 | 馆藏地/架位号 | 状态 | 备注 |
| 1 | 0162235 | 001357551 | 第三借阅区/ [索取号:TN7/100] | 在馆 | |
| 2 | 0162236 | 202346808 | 密集书库/ [索取号:TN7/100] | 在馆 | |
| 3 | 0162237 | 202102839 | 第二样本阅览室/ [索取号:TN7/100] | 在馆 |